000
00224 a2200097 4500
001
17420
100
_a
Mcclean
245
_a
Number theory in digital signal processing
260
_a
_b
Prentice Hall
_c
090
_c
12873
_d
12873
942
_a
NUST-CAE
_c
M
_c
3195
999
_c
252493
_d
252493